Методы повышения надёжности информационных систем; Приборы и системы. Управление, контроль, диагностика; № 10

Detalles Bibliográficos
Parent link:Приборы и системы. Управление, контроль, диагностика: научно-технический и производственный журнал.— , 2000-
№ 10.— 2003.— С. 1-14
Autor principal: Карелин А. Н.
Otros Autores: Карелин Е. Н.
Lenguaje:ruso
Publicado: 2003
Colección:Автоматизированные системы управления
Materias:
Formato: MixedMaterials Capítulo de libro
KOHA link:https://koha.lib.tpu.ru/cgi-bin/koha/opac-detail.pl?biblionumber=388724

MARC

LEADER 00000naa2a2200000 4500
001 388724
005 20231101063801.0
035 |a (RuTPU)RU\TPU\prd\20204 
090 |a 388724 
100 |a 20031203a2003 k y0rusy50 ca 
101 0 |a rus 
102 |a RU 
200 1 |a Методы повышения надёжности информационных систем  |f А. Н. Карелин, Е. Н. Карелин 
225 1 |a Автоматизированные системы управления 
320 |a Библиогр.: 11 назв. 
461 1 |0 (RuTPU)RU\TPU\prd\1687  |t Приборы и системы. Управление, контроль, диагностика  |o научно-технический и производственный журнал  |d 2000- 
463 1 |0 (RuTPU)RU\TPU\prd\19396  |t № 10  |v С. 1-14  |d 2003 
610 1 |a информационные системы 
610 1 |a надёжность 
610 1 |a глобальные сети 
610 1 |a транснациональные сети 
610 1 |a повышение 
700 1 |a Карелин  |b А. Н. 
701 1 |a Карелин  |b Е. Н. 
801 1 |a RU  |b 63413507  |c 20031203  |g PSBO 
801 2 |a RU  |b 63413507  |c 20161026  |g RCR 
942 |c BK